LINK: librarians of the future (Record no. 49332)

MARC details
000 -LEADER
fixed length control field 00808nam a2200193 a 4500
008 - FIXED-LENGTH DATA ELEMENTS--GENERAL INFORMATION
fixed length control field 130516s2012 ||||||||||||||||| || u
050 ## - LIBRARY OF CONGRESS CALL NUMBER
Classification number ACU(05)LINK/2012/14
110 ## - MAIN ENTRY--CORPORATE NAME
Corporate name or jurisdiction name as entry element The Association of Commonwealth Universities (ACU)
245 10 - TITLE STATEMENT
Title LINK: librarians of the future
Statement of responsibility, etc. by The Association of Commonwealth Universities [ACU]
260 ## - PUBLICATION, DISTRIBUTION, ETC.
Place of publication, distribution, etc. London:
Name of publisher, distributor, etc. Association of Commonwealth Universities (ACU)
Date of publication, distribution, etc. 2012
300 ## - PHYSICAL DESCRIPTION
Extent 12p.: ill.
362 1# - DATES OF PUBLICATION AND/OR SEQUENTIAL DESIGNATION
Dates of publication and/or sequential designation <p>Issue 14, January 2012</p>
490 ## - SERIES STATEMENT
Series statement The ACU Libraries & Information Network
490 ## - SERIES STATEMENT
Volume/sequential designation No. 14
500 ## - GENERAL NOTE
General note Bibliography
650 ## - SUBJECT ADDED ENTRY--TOPICAL TERM
Topical term or geographic name entry element LIBRARIANSHIP--EVOLUTION
650 ## - SUBJECT ADDED ENTRY--TOPICAL TERM
Topical term or geographic name entry element CHANGING ROLES OF LIBRARIANS
995 ## - RECOMMENDATION 995 [LOCAL, UNIMARC FRANCE]
-- CBU-MAIN LIBRARY (Kitwe)
-- 1
-- AVAILABLE
-- Jul 12, 2013
-- International Publications
Holdings
Withdrawn status Lost status Source of classification or shelving scheme Damaged status Not for loan Home library Current library Shelving location Date acquired Total Checkouts Full call number Barcode Date last seen Price effective from Koha item type
          CBU-MAIN LIBRARY, KITWE. CBU-MAIN LIBRARY, KITWE.   11/30/2022   ACU(05)LINK/2012/14 B731 11/30/2022 11/30/2022 MONOGRAPH